| 000 | 01717 a2200169 4500 | ||
|---|---|---|---|
| 003 | Nust | ||
| 005 | 20221024130631.0 | ||
| 040 | _cNust | ||
| 082 | _a621.3,CLA | ||
| 100 |
_aClayton, Albert E. _9101243 |
||
| 245 |
_aElementary electrical engineering / _cAlbert E. Clayton and Herbert J. Shelley |
||
| 260 |
_aNew York _bLongmans _c1948 |
||
| 300 | _a462 p. | ||
| 505 | _aThe Electric Circuits Series and Parallel Grouping Specific Resistance Temperature Coefficient Power and Energy units (Page-1), Magnetic Effect of Current Magnetic Circuit Magnetic Properties of Materials (Page-22), Electromagnetic Indentation Elementary Theory of the Dynamo (Page-41), Direct Armature Windings (Page-66), The Direct Current Generator Separate and Self Excitation Shunt Series and Compound winding armature Reaction Load Characteristics (Page-87), Inductance EMF of Self Induction Circuits (Page-112), Directs Current Motors (Page-126), Alternating Current Frequency Virtual Value Phase Displacement (Page-154), Alternating Currents Inductance Reactance Impedance Circuits Possessing Resistance and Inductance (Page-182), Power In Alternating Current Circuits Mean Power Apparent Power Factor (Page-201), Capacitance The General Series Circuits Voltage Resonce (Page-240), Choking The Single Phase Transformer (Page-254), Measuring Instruments Principles Ammeters Voltmeters (Page-271), Chemical Effects Electrolysis Primary Cells the Knead Storage Cell (Page-341), Illumination Metal Filament Lamp (Page-369), The Flow of Electricity in Gases and Machines Inductions Motors AC to DC Conversion Rotary Converter Value Rectifier Mercury Arc Rectifier (Page-415). | ||
| 650 | _aElectrical engineering | ||
| 942 |
_2ddc _cBK |
||
| 999 |
_c180246 _d180246 |
||